| 000 | 00614nam a22001937a 4500 | ||
|---|---|---|---|
| 005 | 20251108164128.0 | ||
| 008 | 250721s1997 xx 000 0 ara d | ||
| 082 | 1 | 4 | _a155.4/موس |
| 100 | 1 | _aموستاكس، كلارك | |
| 245 | 1 | 0 | _aعلاج الأطفال باللعب / |
| 264 | 1 |
_aالقاهرة : _bمكتبة زهراء الشرق، _c1997. |
|
| 300 | _a308ص | ||
| 650 | 1 | 7 | _aعلم النفس الطفولة |
| 650 | 1 | 7 | _aعلم النفس النمو |
| 650 | 1 | 7 | _aالصحة النفسية |
| 700 | 1 |
_aسليمان، عبد الرحمن سيد _eترجمة |
|
| 942 |
_2ddc _cBK |
||
| 999 |
_c4343 _d4343 |
||